Flugziele vom Flughafen Basel/Mühlhausen (EAP) - Statistiken

Allgemein
  • Dieses Quiz wurde 72 mal gespielt
  • Das Durchschnittsergebnis liegt bei 46 aus 106
Antwortstatistiken
Land Airlines Flugziel % Korrekt
Deutschland EasyJet Berlin / BER
93%
Deutschland Lufthansa Frankfurt / FRA
86%
Italien EasyJet,Wizz Air Rom / FCO
86%
Irland Ryanair Dublin / DUB
84%
Frankreich Air France Paris / CDG
84%
Griechenland Aegean Airlines,EasyJet Athen / ATH
82%
Deutschland EasyJet Hamburg / HAM
82%
Deutschland Lufthansa München / MUC
82%
Albanien Wizz Air Tirana / TIA
80%
Spanien EasyJet Madrid / MAD
77%
Algerien Air Algérie,ASL Airlines Algier / ALG
75%
Spanien EasyJet,Vueling Barcelona / BCN
75%
Dänemark EasyJet,Norwegian Kopenhagen / CPH
75%
Portugal EasyJet Lissabon / LIS
75%
Italien EasyJet Neapel / NAP
75%
Polen Wizz Air Warschau / WAW
75%
Vereinigtes Königreich British Airways London / LHR
73%
Niederlande EasyJet,KLM Amsterdam / AMS
70%
Serbien Wizz Air Belgrad / BEG
70%
Türkei Turkish Airlines Istanbul / IST
70%
Vereinigtes Königreich EasyJet London / LGW
70%
Vereinigtes Königreich N Ryanair London / STN
70%
Frankreich EasyJet Marseille / MRS
70%
Österreich Austrian Airlines Wien / VIE
70%
Kosovo Chair Airlines,EasyJet, Enter Air, GP Aviation, Wizz Air Pristina / PRN
68%
Rumänien Wizz Air Bukarest / OTP
66%
Spanien EasyJet,Eurowings Palma de Mallorca / PMI
66%
Portugal EasyJet Porto / OPO
66%
Frankreich EasyJet Nizza / NCE
64%
Norwegen N Norwegian Oslo / OSL
64%
Bulgarien Wizz Air Sofia / SOF
64%
Israel EasyJet Tel Aviv / TLV
64%
Kroatien Ryanair Zagreb / ZAG
64%
Ungarn EasyJet,Wizz Air Budapest / BUD
61%
Türkei S Turkish Airlines Ankara / ESB
59%
Tschechische Republik EasyJet Prag / PRG
59%
Tunesien Nouvelair Tunis / TUN
59%
Spanien S EasyJet Valencia / VLC
57%
Italien EasyJet Venedig / VCE
57%
Vereinigte Arabische Emirate N Flydubai Dubai / DXB
52%
Spanien S EasyJet Ibiza / IBZ
52%
Kroatien S EasyJet Split / SPU
52%
Frankreich EasyJet Bordeaux / BOD
50%
Marokko Air Arabia Casablanca / CMN
50%
Vereinigtes Königreich EasyJet Manchester / MAN
50%
Nordmazedonien Wizz Air Skopje / SKP
50%
Polen easyJet Krakau / KRK
48%
Türkei Corendon Airlines,Norwegian, Pegasus Airlines, Southwind Airlines, SunExpress Antalya / AYT
45%
Spanien EasyJet Malaga / AGP
45%
Italien EasyJet Palermo / PMO
45%
Ägypten Air Cairo,Corendon Airlines, EasyJet Hurghada / HRG
43%
Marokko EasyJet Marrakesch / RAK
43%
Spanien S EasyJet Menorca / MAH
43%
Vereinigtes Königreich EasyJet Edinburgh / EDI
41%
Griechenland Aegean Airlines Thessaloniki / SKG
41%
Italien EasyJet Catania / CTA
39%
Türkei SunExpress Izmir / ADB
39%
Frankreich EasyJet Toulouse / TLS
39%
Spanien EasyJet Alicante / ALC
36%
Kroatien S EasyJet Dubrovnik / DBV
36%
Spanien EasyJet,Enter Air Fuerteventura / FUE
36%
Malta N EasyJet Malta / MLA
36%
Kanada S Air Transat Montreal / YUL
36%
Portugal EasyJet Faro / FAO
32%
Spanien EasyJet,Enter Air Gran Canaria / LPA
32%
Frankreich EasyJet Nantes / NTE
32%
Spanien EasyJet Teneriffa / TFS
32%
Griechenland S EasyJet,Enter Air Kos / KGS
30%
Italien EasyJet Bari / BRI
27%
Griechenland S EasyJet,Enter Air Heraklion / HER
27%
Zypern Cyprus Airways,EasyJet Larnaca / LCA
27%
Frankreich S EasyJet Ajaccio / AJA
25%
Frankreich S EasyJet Bastia / BIA
25%
Portugal N EasyJet Funchal / FNC
25%
Griechenland S EasyJet,Enter Air Rhodos / RHO
25%
Frankreich EasyJet Montpellier / MPL
23%
Griechenland S EasyJet Mykonos / JMK
23%
Kroatien S EasyJet Zadar / ZAD
23%
Bosnien und Herzegowina Wizz Air Banja Luka / BNX
20%
Tunesien S Nouvelair Djerba / DJE
20%
Spanien EasyJet Lanzarote / ACE
18%
Kroatien S EasyJet Pula / PUY
18%
Türkei Pegasus Airlines,Turkish Airlines Istanbul / SAW
16%
Griechenland S EasyJet Korfu / CFU
16%
Italien EasyJet Lamezia Terme / SUF
16%
Serbien Wizz Air Nis / INI
16%
Marokko EasyJet Agadir / AGA
14%
Italien S EasyJet Cagliari / CAG
14%
Rumänien Wizz Air Cluj Napoca / CLJ
14%
Rumänien Wizz Air Iasi / IAS
14%
Algerien N ASL Airlines Oran / ORN
14%
Bosnien und Herzegowina Wizz Air Tuzla / TZL
14%
Frankreich S EasyJet Biarritz / BIQ
11%
Italien EasyJet Brindisi / BDS
11%
Italien S EasyJet Olbia / OLB
11%
Vereinigtes Königreich EasyJet Bristol / BRS
9%
Türkei SunExpress Kayseri / ASR
7%
Nordmazedonien S Wizz Air Ohrid / OHD
7%
Frankreich S EasyJet Calvi / CLY
5%
Algerien Air Algérie,ASL Airlines Constantine / CZL
5%
Tunesien N EasyJet Enfidha / NBE
5%
Türkei S SunExpress,Turkish Airlines Gaziantep / GZT
5%
Spanien EasyJet Santiago de Compostela / SCQ
5%
Frankreich S EasyJet Figari / FSC
2%
Italien N EasyJet Salerno / QSR
2%
Albanien S Air Albania,Wizz Air Kukës / KFZ
0%
Keine übereinstimmenden Quizze gefunden
Verteilung der Resultate
Anzahl Personen mit jedem Resultat
Perzentil nach korrekt beantworteten Fragen
Ihre Resultats-Entwicklung
Sie haben dieses Quiz noch nicht gespielt